| 000 | 00866cam a2200265 4500 | ||
|---|---|---|---|
| 008 | 090401t1997 xxu||||| |||| 00| 0 eng d | ||
| 020 | _a0854067795 | ||
| 035 | _a(Sirsi) u66081 | ||
| 041 | _aeng | ||
| 050 | _a745.1025 | ||
| 110 |
_aRoyal Institution of Chartered Surveyors _94900 |
||
| 245 | _aAntiques, fine art and collectables : a guide to chartered surveyors` services. | ||
| 260 |
_aLondon _bRICS _c1997 |
||
| 300 | _a1 item in folder : ill. ; 30cm. | ||
| 350 | _a0 | ||
| 520 | _aIncludes directory of companies entitled Antiques, Fine Art and Collectables: a guide to UK Professional Services 1998. | ||
| 650 |
_aArts and antiques _96217 |
||
| 650 |
_aAuctioneering _96218 |
||
| 650 | _aABOUT RICS-RICS MEMBERS | ||
| 650 | _aFINE ARTS | ||
| 650 |
_aValuation _96273 |
||
| 690 |
_aArts and antiques _96217 |
||
| 942 | _n0 | ||
| 948 | _c04/03/1997 | ||
| 999 |
_c94818 _d94818 |
||